MARC

LEADER 00000nam1a2200000 4500
001 232501
005 20231031203331.0
035 |a (RuTPU)RU\TPU\book\253549 
090 |a 232501 
100 |a 20130214d18831930k y0rusy50 ca 
101 0 |a rus 
102 |a RU 
200 1 |a Известия Геологического комитета  |f Российская империя, Геологический комитет (ГЕОЛКОМ) ; СССР, Геологический комитет (Геолком) 
210 |a Санкт-Петербург  |a Петроград  |a Ленинград  |c Издание Геологического комитета  |d 1883-1930 
712 0 1 |a Российская империя  |b Геологический комитет (ГЕОЛКОМ)  |c (1882-1917)  |2 stltpush  |3 (RuTPU)RU\TPU\col\22317 
712 0 1 |a СССР  |b Геологический комитет (Геолком)  |c (1922-1930)  |2 stltpush  |3 (RuTPU)RU\TPU\col\18484 
801 1 |a RU  |b 63413507  |c 20130214 
801 2 |a RU  |b 63413507  |c 20170313  |g RCR 
942 |c BK